QUALITY CONTROL MEASURES, EXPORT ENVIRONMENT AND MARKET GROWTH OF HORTICULTURAL PRODUCTS AMONG FARMERS COOPERATIVE SOCIETIES IN SELECTED COUNTIES IN THE SOUTH RIFT, KENYA. (Record no. 217133)

MARC details
000 -LEADER
fixed length control field 00723nam a22001577a 4500
008 - FIXED-LENGTH DATA ELEMENTS--GENERAL INFORMATION
fixed length control field 260514b |||||||| |||| 00| 0 eng d
050 ## - LIBRARY OF CONGRESS CALL NUMBER
Classification number THE HD 2969 .A3 K4 C44 2025
100 ## - MAIN ENTRY--PERSONAL NAME
Personal name CHERUIYOT, PHILIP
245 ## - TITLE STATEMENT
Title QUALITY CONTROL MEASURES, EXPORT ENVIRONMENT AND MARKET GROWTH OF HORTICULTURAL PRODUCTS AMONG FARMERS COOPERATIVE SOCIETIES IN SELECTED COUNTIES IN THE SOUTH RIFT, KENYA.
260 ## - PUBLICATION, DISTRIBUTION, ETC.
Place of publication, distribution, etc. KISII,
Name of publisher, distributor, etc. KISII UNIVERSITY PRESS,
Date of publication, distribution, etc. 2025.
300 ## - PHYSICAL DESCRIPTION
Extent XXI,331 P ILL
500 ## - GENERAL NOTE
General note INCLUDES BIBLIOGRAPHIC REFERENCES.
650 ## - SUBJECT ADDED ENTRY
Topical term or geographic name entry element 1. HORTICULTURAL PRODUCTS- KENYA- QUALITY CONTROL. 2. FARMERS' COOPERATION -KENYA- SOUTH RIFT. 3. EXPORTS- KENYA- HORTICULTURAL PRODUCTS.
942 ## - ADDED ENTRY ELEMENTS (KOHA)
Source of classification or shelving scheme Library of Congress Classification
Koha item type Reference
Holdings
Withdrawn status Lost status Source of classification or shelving scheme Damaged status Not for loan Collection Home library Current library Shelving location Date acquired Inventory number Total checkouts Full call number Barcode Date last seen Copy number Price effective from Koha item type
    Library of Congress Classification     Special Research Kisii University Library Kisii University Library On Display 05/14/2026 113309   THE HD 2969 .A3 K4 C44 2025 A000403 05/14/2026 1 05/14/2026 Reference